000
00228nam a22000857a 4500
008
161206b xxu||||| |||| 00| 0 eng d
100
_9
1828
_a
Theotia. N. P. S
245
_a
Science for You
260
_a
New delhi
_b
Asian publication
_c
2007
999
_c
4569
_d
4569